[Event "ECU Clasif2 U20"]
[Site "Chess.com INT"]
[Date "2020.12.18"]
[Round "6"]
[White "Gonzalez Lituma, Gabriel Fernando"]
[Black "Pianchiche Acero, Miyamu Nillu"]
[Result "0-1"]
[WhiteElo "1575"]
[BlackElo "1417"]
[PlyCount "56"]
[EventDate "2020.12.18"]
[EventType "swiss"]
[EventRounds "9"]
[EventCountry "ECU"]
[SourceTitle "EXT 2022"]
[Source "ChessBase"]
[SourceDate "2021.10.06"]
[SourceVersion "1"]
[SourceVersionDate "2021.10.06"]
[SourceQuality "1"]

1. d4 g6 2. g3 Bg7 3. Bg2 d6 4. Nf3 Nc6 5. 0-0 Bg4 6. e3 Nf6 7. h3 Bxf3 8. Bxf3 0-0 9. c4 e5 10. d5 Ne7 11. Nc3 Nd7 12. e4 f5 13. g4 fxe4 14. Nxe4 h6 15. g5 h5 16. Kh2 Nf5 17. Bxh5 gxh5 18. Qxh5 Nd4 19. g6 Nf6 20. Nxf6+ Rxf6 21. f4 exf4 22. Bxf4 Qe8 23. Qh7+ Kf8 24. Bg5 Qe2+ 25. Kg1 Nf3+ 26. Rxf3 Rxf3 27. Bh4 Bd4+ 28. Kh1 Rxh3# 0-1